| 000 | 00687cam a2200169 a 4500 | ||
|---|---|---|---|
| 082 |
_a388.11 _bROA |
||
| 245 | 0 | 0 |
_aRoad investment to foster local economic development : _ba report / _cprepared by the Public Policy Center, the University of Iowa. |
| 260 |
_aIowa City, IA : _bMidwest Transportation Center, _c[1990] |
||
| 300 |
_axiii, 98 p. : _bill. ; _c26 cm. |
||
| 500 | _a"In conjunction with the Midwest Transportation Center"--Cover. | ||
| 526 |
_a0 _b0 _c0 _d388_110000000000000_ROA |
||
| 650 | 0 |
_aMCE _9379 |
|
| 650 | 0 |
_aRoads _xEconomic aspects _zUnited States. _938624 |
|
| 710 | 2 |
_aMidwest Transportation Center. _938625 |
|
| 710 | 2 |
_aUniversity of Iowa. _938626 |
|
| 942 |
_2ddc _cBK |
||
| 999 |
_c543254 _d543254 |
||